[Event "Wch Blitz (Women)"]
[Site "Almaty"]
[Date "2022.12.30"]
[Round "14"]
[White "Munkhzul, Turmunkh"]
[Black "Savitha Shri, B."]
[Result "0-1"]
[WhiteElo "2144"]
[BlackElo "2311"]
[PlyCount "142"]
[EventDate "2022.12.29"]
[EventType "swiss (blitz)"]
[EventRounds "17"]
[EventCountry "KAZ"]
[SourceTitle "CBM 211 Extra"]
[Source "ChessBase"]
[SourceDate "2023.01.31"]
[SourceVersion "1"]
[SourceVersionDate "2023.01.31"]
[SourceQuality "1"]

1. e4 c5 2. Nf3 d6 3. d4 cxd4 4. Nxd4 Nf6 5. Nc3 Nc6 6. Bg5 e6 7. Qd2 a6 8. 0-0-0 Bd7 9. f4 Be7 10. Nf3 b5 11. Bxf6 gxf6 12. Kb1 Qb6 13. f5 Rc8 14. g3 Na5 15. Qd4 Qxd4 16. Nxd4 Nc4 17. fxe6 fxe6 18. Bh3 b4 19. Nce2 e5 20. Nf5 Rc6 21. Rd3 Bxf5 22. Bxf5 Kf7 23. Bd7 Rc7 24. Ba4 Kg6 25. Rhd1 Nb6 26. Bb3 a5 27. Be6 Rb8 28. Ng1 Na4 29. R3d2 Nc5 30. Bd5 f5 31. exf5+ Kxf5 32. Rf2+ Kg6 33. Nf3 Kg7 34. Rdf1 Rf8 35. Nd2 Rxf2 36. Rxf2 Bg5 37. Nc4 e4 38. h4 Bf6 39. Re2 Kh8 40. Re1 Rg7 41. Nxd6 Rxg3 42. Nxe4 Nxe4 43. Bxe4 Bxh4 44. Rh1 Rg4 45. Bf5 Rf4 46. Bd3 Kg7 47. a3 bxa3 48. bxa3 h5 49. Rg1+ Kf8 50. Ka2 Bf6 51. Rb1 h4 52. Rb8+ Ke7 53. Rb7+ Kd6 54. Rh7 a4 55. Kb1 Rg4 56. c4 Kc5 57. Kc2 Rg2+ 58. Kd1 Kd4 59. Rd7+ Kc3 60. c5 Rd2+ 61. Ke1 Rxd3 62. Rf7 Be5 63. Rf5 Bg3+ 64. Ke2 Kc2 65. Rh5 Rxa3 66. c6 Rc3 67. Ra5 Kb3 68. Ra6 a3 69. Kd2 Bf4+ 70. Ke2 a2 71. Kf2 Kb2 0-1

[Event "Wch Blitz (Women)"]
[Site "Almaty"]
[Date "2022.12.29"]
[Round "3"]
[White "Bivol, Alina"]
[Black "Munkhzul, Turmunkh"]
[Result "0-1"]
[WhiteElo "2301"]
[BlackElo "2144"]
[PlyCount "76"]
[EventDate "2022.12.29"]
[EventType "swiss (blitz)"]
[EventRounds "17"]
[EventCountry "KAZ"]
[SourceTitle "CBM 211 Extra"]
[Source "ChessBase"]
[SourceDate "2023.01.31"]
[SourceVersion "1"]
[SourceVersionDate "2023.01.31"]
[SourceQuality "1"]

1. e4 c5 2. Nf3 d6 3. Bb5+ Bd7 4. Bxd7+ Qxd7 5. 0-0 Nc6 6. c3 Nf6 7. Re1 e6 8. d4 cxd4 9. cxd4 d5 10. e5 Ne4 11. Nbd2 Nxd2 12. Bxd2 Be7 13. Rc1 0-0 14. Rc3 Rfc8 15. Rd3 Nb4 16. Bxb4 Bxb4 17. Rf1 Be7 18. h4 h6 19. Nh2 Rc4 20. Qh5 Bf8 21. b3 Rc2 22. a4 Rac8 23. Ng4 Kh8 24. Ne3 R2c3 25. Qd1 Be7 26. f4 Qc7 27. f5 Bxh4 28. f6 Bg5 29. fxg7+ Kxg7 30. Rxc3 Qxc3 31. Ng4 h5 32. Nf6 Qe3+ 33. Kh1 Rc1 34. Qxc1 Qxc1 35. Rxc1 Bxc1 36. Nxh5+ Kg6 37. Ng3 Be3 38. Ne2 Kf5 0-1